Modern Physics (Record no. 219430)

000 -LEADER
fixed length control field nam a22 7a 4500
003 - CONTROL NUMBER IDENTIFIER
control field Nust
005 - DATE AND TIME OF LATEST TRANSACTION
control field 20170207190322.0
008 - FIXED-LENGTH DATA ELEMENTS--GENERAL INFORMATION
fixed length control field 170207b xxu||||| |||| 00| 0 eng d
040 ## - CATALOGING SOURCE
Transcribing agency Nust
082 ## - DEWEY DECIMAL CLASSIFICATION NUMBER
Classification number 530 BER
100 ## - MAIN ENTRY--PERSONAL NAME
Personal name Bernstein, Jeremy
245 ## - TITLE STATEMENT
Title Modern Physics
Remainder of title Bernstein, Jeremy
260 ## - PUBLICATION, DISTRIBUTION, ETC.
Place of publication, distribution, etc. New Delhi
Name of publisher, distributor, etc. Pearson Education
Date of publication, distribution, etc. 2009
300 ## - PHYSICAL DESCRIPTION
Extent xix, 602
600 ## - SUBJECT ADDED ENTRY--PERSONAL NAME
Personal name Fishbane, Paul
600 ## - SUBJECT ADDED ENTRY--PERSONAL NAME
Personal name Gasiorowicz, Stephen
942 ## - ADDED ENTRY ELEMENTS (KOHA)
Source of classification or shelving scheme
Koha item type Book
Holdings
Withdrawn status Lost status Source of classification or shelving scheme Damaged status Not for loan Permanent Location Current Location Shelving location Date acquired Total Checkouts Full call number Barcode Date last seen Date last checked out Price effective from Koha item type
          School of Natural Sciences (SNS) School of Natural Sciences (SNS) Book Cart 02/07/2017 1 530 BER SNS0002296 05/31/2018 01/15/2018 02/07/2017 Book
© 2023 Central Library, National University of Sciences and Technology. All Rights Reserved.